000 00416nam a2200181Ia 4500
008 170918s9999 xx 000 0 und d
020 _a64400557
050 _bW583 1980
100 _aWhite, E.B.
245 _aCharlotte's Web /
245 _cby E.B. White.
260 _aNew York :
260 _bHarper Collins,
260 _c1980
300 _a184 pages :
300 _billustrations ;
300 _c19cm.
999 _c343528
_d343528